[Event "UAE-ch"]
[Site "Dubai"]
[Date "2016.09.23"]
[Round "1"]
[White "Al Zaabi, Talal"]
[Black "Al Hosani, Omran"]
[Result "0-1"]
[WhiteElo "1540"]
[BlackElo "1843"]
[PlyCount "128"]
[EventDate "2016.09.23"]
[EventType "swiss"]
[EventRounds "7"]
[EventCountry "UAE"]
[SourceTitle "EXT 2017"]
[Source "ChessBase"]
[SourceDate "2016.10.25"]
[SourceVersion "1"]
[SourceVersionDate "2016.10.25"]
[SourceQuality "1"]

1. c4 Nf6 2. g3 e5 3. Bg2 d5 4. cxd5 Nxd5 5. Nc3 Nb6 6. Nf3 Nc6 7. 0-0 Be6 8. d3 Be7 9. Be3 0-0 10. Rc1 f6 11. Nd2 Qd7 12. Nde4 Bh3 13. Nc5 Bxc5 14. Bxc5 Bxg2 15. Kxg2 Rfe8 16. h4 Kh8 17. Bxb6 axb6 18. h5 f5 19. h6 g6 20. a3 Rad8 21. Qd2 Qe7 22. Rh1 Nd4 23. Qd1 e4 24. dxe4 fxe4 25. Qa4 e3 26. Rh4 Nf5 27. Re4 Qf7 28. Rxe8+ Rxe8 29. f3 c6 30. Ne4 Qc7 31. g4 b5 32. Qb4 Nxh6 33. Qd4+ Qg7 34. Qxg7+ Kxg7 35. Rc3 Nf7 36. Rxe3 Nd6 37. Kf2 Nc4 38. Rd3 Ne5 39. Rd4 Re7 40. g5 Nc4 41. a4 Nxb2 42. axb5 cxb5 43. Rb4 Nd1+ 44. Ke1 Ne3 45. Rxb5 h6 46. gxh6+ Kxh6 47. Nd6 Nc2+ 48. Kd2 Nd4 49. Rb6 Rd7 50. Ke3 Rxd6 51. Rxb7 Nf5+ 52. Kf2 Rd2 53. Rb4 Rd4 54. Rb1 Rd2 55. Rb4 Nd4 56. Ke3 Nc2+ 57. Kxd2 Nxb4 58. e4 Kg5 59. Ke3 Nc2+ 60. Kd3 Ne1+ 61. Ke2 Ng2 62. Kf2 Nf4 63. Ke3 Ne6 64. Ke2 Kf4 0-1